000
00280 a2200121 4500
001
64556
082
_a
8914393 RAQ
090
_c
38184
_d
38184
100
_a
Raqya Jaffri
245
_a
Sonihra Daria
_h
Urdu
260
_a
Lahore
_b
Sang-e- Meel Publication
_c
1998
300
_a
32p.
942
_a
NUST CAE
_k
8914393 RAQ
999
_c
299629
_d
299629